00293nam a2200109Ia 4500008004100000100002600041245003200067260000900099300003200108440002400140650001900164180117s9999 xx 000 0 und d aby Sara Grace C Fojas aMalolos: the First Republic c2017 a9-12 pages, 2017 February 5 aPhilippine Panorama aFIRST REPUBLIC